| 000 | 00959nam a2200241 i 4500 | ||
|---|---|---|---|
| 001 | bg | ||
| 245 | 0 | 0 |
_aAdvances in optimization and stablility analysis of dynamical systems / _ced. by Henryk Górecki and Adam Korytowski. |
| 260 |
_aKraków : _bWydawnictwa AGH, _c1993. |
||
| 300 |
_a246, [1] s. : _bwykr. ; _c24 cm. |
||
| 490 | 1 |
_a[Skrypty Uczelniane / Akademia Górniczo-Hutnicza im. S. Staszica w Krakowie] = _aLecture Notes / University of Mining and Metallurgy, _x0239-6114 ; _vno 1353 |
|
| 504 | _aBibliogr. przy rozdz. | ||
| 650 | 9 | _aAnaliza systemowa | |
| 650 | 9 | _aCybernetyka matematyczna | |
| 650 | 9 | _aOptymalizacja | |
| 700 | 1 |
_aGórecki, Henryk _d(1927- ). _eRed. |
|
| 700 | 1 |
_aKORYTOWSKI, Adam. _eRed. |
|
| 830 | 0 |
_a[Skrypty Uczelniane (Akademia Górniczo-Hutnicza im. S. Staszica w Krakowie]) ; _vno 1353 |
|
| 040 | _cBPK | ||
| 041 | 0 | _aen | |
| 080 | _a519.718:519.8:517.93 | ||
| 942 | _cKS | ||
| 008 | s pl f |000 0 pol | ||
| 999 |
_c30681 _d30681 |
||
| 856 |
_uhttp://koha.tu.koszalin.pl/cgi-bin/koha/opac-detail.pl?biblionumber=30681 _yKatalog online BPK |
||